h1

h2

h3

h4

h5
h6
001003539 001__ 1003539
001003539 005__ 20251201115654.0
001003539 0247_ $$2ISSN$$a0012-1363
001003539 037__ $$aRWTH-2025-01111
001003539 041__ $$aGerman
001003539 082__ $$a070
001003539 1001_ $$0P:(DE-82)IDM00295$$aFrenz, Walter$$b0$$eCorresponding author$$urwth
001003539 245__ $$aEU-Wettbewerbsstärkung und Folgen für das deutsche Klimaschutzrecht$$hprint
001003539 260__ $$aKöln$$bHeymanns$$c2025
001003539 3367_ $$00$$2EndNote$$aJournal Article
001003539 3367_ $$0PUB:(DE-HGF)16$$2PUB:(DE-HGF)$$aJournal Article$$bjournal$$mjournal$$s1738572726_2525663
001003539 3367_ $$2BibTeX$$aARTICLE
001003539 3367_ $$2DRIVER$$aarticle
001003539 3367_ $$2DataCite$$aOutput Types/Journal article
001003539 3367_ $$2ORCID$$aJOURNAL_ARTICLE
001003539 591__ $$aGermany
001003539 773__ $$0PERI:(DE-600)2139152-X$$p153-157$$tDeutsches Verwaltungsblatt$$v3$$x0012-1363$$y2025
001003539 9101_ $$0I:(DE-588b)36225-6$$6P:(DE-82)IDM00295$$aRWTH Aachen$$b0$$kRWTH
001003539 9151_ $$0StatID:(DE-HGF)0041$$2StatID$$aPeer review status of article unknown$$x0
001003539 9201_ $$0I:(DE-82)511220_20140620$$k511220$$lLehr- und Forschungsgebiet Berg-, Umwelt- und Europarecht$$x0
001003539 9201_ $$0I:(DE-82)510000_20140620$$k510000$$lFachgruppe für Rohstoffe und Entsorgungstechnik$$x1
001003539 961__ $$c2025-02-03T09:53:54.155402$$x2025-02-03T09:53:54.155402$$z2025-02-03
001003539 980__ $$aI:(DE-82)510000_20140620
001003539 980__ $$aI:(DE-82)511220_20140620
001003539 980__ $$aUNRESTRICTED
001003539 980__ $$aVDBINPRINT
001003539 980__ $$ajournal